000
00218 a2200097 4500
001
25468
100
_a
Kazmik, M L
245
_a
Fundamentals of television Engg
260
_a
_b
Mir Publishers
_c
090
_c
17193
_d
17193
942
_a
NUST-CAE
_c
M
_c
7995
999
_c
260541
_d
260541